Sociología de América Latina
Saved in:
| 主要作者: | |
|---|---|
| 格式: | 圖書 |
| 語言: | 西班牙语 |
| 出版: |
Barcelona
Península
1977
|
| 版: | 2a. ed |
| 叢編: | Homo Sociologicus
|
| 主題: | |
| 標簽: |
添加標簽
沒有標簽, 成為第一個標記此記錄!
|
MARC
| LEADER | 00000nam a2200000 a 4500 | ||
|---|---|---|---|
| 001 | UCP5930 | ||
| 003 | CL-VaPUC | ||
| 008 | 991001e19770000SP |||||||||||||||||spa|d | ||
| 082 | 0 | 4 | |a 306.098 |b RAM |2 21 |
| 100 | 0 | |a Rama, Carlos M |e author |9 434594 | |
| 245 | 1 | 0 | |a Sociología de América Latina |
| 250 | |a 2a. ed | ||
| 300 | |a 217 p | ||
| 942 | |c BK | ||
| 945 | |d 19991001 00:00:00 |a crobeson | ||
| 260 | |a Barcelona |b Península |c 1977 | ||
| 650 | 0 | |a Sociología |9 255410 | |
| 650 | 0 | |a Sociología política |9 255920 | |
| 650 | 0 | |a Sociología de la educación |9 260380 | |
| 650 | 7 | |a DERARROLLO ECONOMICO Y SOCIAL |2 CL-VaPUC |9 434595 | |
| 650 | 7 | |a SOCIOLOGIA ECONOMICA |2 CL-VaPUC |9 341237 | |
| 650 | 0 | |a Sociología de la religión |9 337481 | |
| 651 | 0 | |a América Latina |9 255027 | |
| 583 | |a last modification |c 19991001 00:00:00 |k Rodrigo Vera | ||
| 490 | 0 | |a Homo Sociologicus | |
| 999 | |c 283567 |d 283565 | ||
| 952 | |0 0 |1 0 |4 0 |6 306_098000000000000_RAM_1977 |7 0 |8 A |9 326832 |a BIBHIS |b BIBHIS |d 2019-11-20 |i 135812K |o 306.098 RAM 1977 |p 135812K |r 2025-01-20 |w 2019-11-20 |y BK |k HIS | ||